Statistieken voor Kaartquiz van Europa in het Oekraïens

Klik hier om de quiz te nemen!

Algemene statistieken

  • Deze quiz is 10 keer genomen
  • De gemiddelde score is 15 van 45

Antwoorden op de kaart

Antwoorden kleurgecodeerd door een groen-rode schaal op de quizkaart volgens % correct hieronder.
 

Antwoordstatistieken

Antwoord% Correct
Монако
100%
Косово
100%
Італія
100%
Сан-Марино
80%
Естонія
60%
Мальта
60%
Україна
60%
Андорра
60%
Боснія і
Герцеговина
60%
Ісландія
40%
Болгарія
40%
Молдова
40%
Об'єднане
Королівство
40%
Північна
Македонія
40%
Швейцарія
20%
Португалія
20%
Росія
20%
Румунія
20%
Чехія
20%
Сербія
20%
Словаччина
20%
Хорватія
20%
Угорщина
20%
Чорногорія
20%
Фінляндія
20%
Франція
20%
Словенія
20%
Австрія
20%
Польща
20%
Іспанія
20%
Бельгія
20%
Ватикан
20%
Греція
20%
Данія
20%
Ірландія
20%
Ліхтенштейн
20%
Норвегія
20%
Латвія
20%
Литва
20%
Люксембург
20%
Албанія
20%
Нідерланди
20%
Німеччина
20%
Швеція
20%
Білорусь
0%

Scoreverdeling

Percentiel versus Aantal Correcte Antwoorden

Procent van Mensen met Elke Score

Uw Scoregeschiedenis

U heeft deze quiz nog niet genomen